MLB Hall of Famers - Statistics

General Stats
  • This quiz has been taken 1,471 times
  • The average score is 10 of 15
Answer Stats
Hint Answer % Correct
Hit 755 career home runs Hank Aaron
93%
Was originally a pitcher for the Boston Red Sox Babe Ruth
92%
First African American to play in baseball Jackie Robinson
90%
All time leader in no hitters Nolan Ryan
84%
The Say Hey Kid Willie Mays
80%
56 game hitting streak Joe DiMaggio
77%
The Iron Horse Lou Gehrig
73%
One of the rarest baseball cards in the world Honus Wagner
70%
Hit 3 home runs in game 6 of 1977 World Series Reggie Jackson
66%
Has most losses of any pitcher in history Cy Young
58%
Appeared in 21 World Series as player, coach, and manager Yogi Berra
48%
Hit game winning home run in 1960 World Series Bill Mazeroski
39%
Had 1,815 hits on road and 1,815 hits at home Stan Musial
35%
Hit 58 home runs in 1938 Hank Greenberg
31%
Killer Harmon Killebrew
26%
No matching quizzes found
Score Distribution
Percent of People with Each Score
Percentile by Number Answered
Your Score History
You have not taken this quiz